[Event "4NCL"]
[Site "Sunningdale ENG"]
[Date "2007.09.16"]
[Round "2"]
[White "Eckersley Waites,A"]
[Black "Lindner,D"]
[Result "0-1"]
[WhiteElo "2159"]
[BlackElo "2253"]

1.e4 c5 2.Nf3 e6 3.d4 cxd4 4.Nxd4 Nc6 5.Nc3 Qc7 6.Be3 a6 7.Bd3 Nf6 8.O-O Be7
9.Kh1 O-O 10.f4 d6 11.Qf3 Bd7 12.Rae1 b5 13.Nxc6 Bxc6 14.Qh3 e5 15.fxe5 dxe5
16.Bg5 Ne8 17.Nd5 Bxd5 18.exd5 g6 19.Bxe7 Qxe7 20.Qg3 f6 21.h4 Ng7 22.a4 Rab8
23.axb5 axb5 24.c3 Qd6 25.Rd1 f5 26.Rfe1 Rfe8 27.Be2 h6 28.Ra1 f4 29.Qg4 Nf5
30.Ra7 e4 31.Rea1 f3 32.gxf3 Ng3+ 33.Kg2 Nxe2 34.R1a6 Rb6 35.Rd7 exf3+ 36.Qxf3 Nf4+
37.Kh1 Qe5 38.Rxb6 Qe1+ 39.Kh2 Qxh4+  0-1

[Event "Reykjavik CC Inv"]
[Site "Reykjavik ISL"]
[Date "2007.09.17"]
[Round "1"]
[White "Omarsson,D"]
[Black "Thorfinnsson,Br"]
[Result "0-1"]
[WhiteElo "1951"]
[BlackElo "2389"]

1.e4 c5 2.Nf3 Nc6 3.d4 cxd4 4.Nxd4 e6 5.Nc3 Qc7 6.Be2 Nf6 7.O-O a6 8.Kh1 Nxd4
9.Qxd4 Bc5 10.Qd3 b5 11.f4 Bb7 12.Bf3 h5 13.e5 Ng4 14.Bxb7 Qxb7 15.Ne4 Be7
16.h3 Nh6 17.c4 Nf5 18.Kh2 bxc4 19.Qxc4 h4 20.b3 O-O 21.Qe2 Rfc8 22.Bb2 a5
23.Rfc1 Rxc1 24.Rxc1 a4 25.Qf3 Rb8 26.Rc3 Bb4 27.Rd3 Be1 28.Nc5 Bg3+ 29.Kh1 Qb4
30.Rc3 a3 31.Bc1 Rc8 32.Ne4 Rxc3 33.Nxc3 Qd4 34.Ne4 Qa1 35.Qc3 Qb1 36.Nd2 Qxa2
37.Qb4 Qc2 38.Qc4 Ne3  0-1

[Event "17th ch-EU U18 Boys"]
[Site "Sibenik CRO"]
[Date "2007.09.18"]
[Round "5"]
[White "Krivoborodov,E"]
[Black "Katov,L"]
[Result "1/2-1/2"]
[WhiteElo "2403"]
[BlackElo "2277"]

1.e4 c5 2.Nf3 e6 3.d4 cxd4 4.Nxd4 Nc6 5.Nc3 Qc7 6.Be3 a6 7.Bd3 Nf6 8.O-O Bd6
9.h3 Bf4 10.Bxf4 Qxf4 11.Nde2 Qc7 12.f4 d6 13.Kh1 O-O 14.Qe1 b5 15.Qh4 h6
16.g4 Qe7 17.Rg1 b4 18.Nd1 d5 19.e5 Ne4 20.Qxe7 Nxe7 21.Bxe4 dxe4 22.Ne3 a5
23.Kh2 Rd8 24.Rgd1 Ba6 25.Ng3 Ng6 26.Nxe4 Nxf4 27.Nd6 Ng6 28.Nec4 Bxc4 29.Nxc4 Rxd1
30.Rxd1 Rc8  1/2-1/2

[Event "17th ch-EU U16 Boys"]
[Site "Sibenik CRO"]
[Date "2007.09.18"]
[Round "5"]
[White "Kanmazalp,O"]
[Black "Bulanov,D"]
[Result "1/2-1/2"]
[WhiteElo "2093"]
[BlackElo "2220"]

1.e4 c5 2.Nf3 Nc6 3.Nc3 e6 4.d4 cxd4 5.Nxd4 Nf6 6.Ndb5 Bb4 7.a3 Bxc3+ 8.Nxc3 d5
9.exd5 exd5 10.Bd3 O-O 11.O-O Bg4 12.f3 Bh5 13.Bg5 Qd6 14.Qd2 d4 15.Nb5 Qd8
16.Qf4 Bg6 17.Bxf6 Qxf6 18.Qxf6 gxf6 19.Rad1 Rfd8 20.c3 dxc3 21.Bxg6 fxg6
22.Nxc3 f5  1/2-1/2

[Event "17th Senior WCh"]
[Site "Gmunden AUT"]
[Date "2007.09.19"]
[Round "3"]
[White "Rujevic,M"]
[Black "Tseshkovsky,V"]
[Result "1-0"]
[WhiteElo "2287"]
[BlackElo "2513"]

1.e4 c5 2.Nf3 Nc6 3.d4 cxd4 4.Nxd4 e6 5.Nc3 a6 6.Be2 d6 7.Be3 Nf6 8.O-O Be7
9.f4 O-O 10.Bf3 Bd7 11.Nxc6 Bxc6 12.Qe1 Qc7 13.Rd1 b5 14.a3 a5 15.e5 dxe5
16.fxe5 Qxe5 17.Bxc6 Ng4 18.Bf4 Qc5+ 19.Kh1 Qxc6 20.Qe2 h5 21.h3 b4 22.axb4 axb4
23.Nd5 exd5 24.Qxe7 Nf6 25.Qxb4 Qxc2 26.Be5 Ne4 27.Qd4 Ra6 28.Rc1 Qa4 29.b4 Rd8
30.Rfe1 Raa8 31.Kh2 Ng5 32.Bxg7 Ne6  1-0

[Event "USCL 2007"]
[Site "ICC INT"]
[Date "2007.09.19"]
[Round "4"]
[White "Stripunsky,A"]
[Black "Benjamin,Joe"]
[Result "1-0"]
[WhiteElo "2589"]
[BlackElo "2576"]

1.e4 c5 2.Nf3 Nc6 3.d4 cxd4 4.Nxd4 e6 5.Nc3 Qc7 6.Be3 Nf6 7.Bd3 a6 8.O-O b5
9.Qe2 Bb7 10.a4 b4 11.Na2 Nxd4 12.Bxd4 e5 13.Be3 Nxe4 14.Rfe1 Be7 15.Bxe4 Bxe4
16.Bg5 d5 17.Bxe7 Kxe7 18.Nxb4 Qd6 19.Na2 f6 20.c4 Rhc8 21.Rad1 Qc5 22.Nc3 Qxc4
23.Qg4 Kf8 24.Nxe4 dxe4 25.Rd7 Qg8 26.Qg3 e3 27.fxe3 Rd8 28.Red1 Ke8 29.Qg4 g6
30.a5 Qb3 31.R1d3 Qa2 32.b3 Qb1+ 33.Kf2 Qc2+ 34.Kg3 Qc6 35.Rxh7 f5 36.Qg5 f4+
37.Kh4  1-0

[Event "17th ch-EU U16 Girls"]
[Site "Sibenik CRO"]
[Date "2007.09.19"]
[Round "6"]
[White "Ildzhirinova,S"]
[Black "Asgarova,T"]
[Result "1-0"]
[WhiteElo "2106"]
[BlackElo "1989"]

1.e4 c5 2.Nf3 e6 3.Nc3 Nc6 4.d4 cxd4 5.Nxd4 d6 6.g3 Nf6 7.Bg2 Bd7 8.Ndb5 Qb8
9.Bf4 Ne5 10.a4 Be7 11.O-O O-O 12.Qe2 a6 13.Nd4 Qc7 14.Nf3 Bc6 15.a5 Ng6
16.Bd2 b5 17.axb6 Qxb6 18.b3 Bb7 19.Na4 Qc7 20.Nd4 d5 21.exd5 Bxd5 22.Bxd5 Nxd5
23.Nxe6 fxe6 24.Qxe6+ Kh8 25.Qxd5 Rad8 26.Ba5 Qxg3+ 27.fxg3 Rxd5 28.Rxf8+ Bxf8
29.Bc3 Ne5 30.Bxe5 Rxe5 31.Rd1 g6 32.Kf2 Be7 33.Re1 Rf5+ 34.Kg2 Bf6 35.c4 Bd4
36.Re2 Kg7 37.Re7+ Kf6 38.Rxh7 Rf2+ 39.Kh3 g5 40.Kg4 Kg6 41.Rd7 Be5 42.Rd5 Bf6
43.Ra5 Rxh2 44.Rxa6 Rd2 45.Nc5 Rd4+ 46.Kf3 Kf5 47.g4+ Kg6 48.Ne4  1-0

[Event "17th ch-EU U16 Boys"]
[Site "Sibenik CRO"]
[Date "2007.09.19"]
[Round "6"]
[White "Recuero Guerra,D"]
[Black "Balazs,G2"]
[Result "1/2-1/2"]
[WhiteElo "2378"]
[BlackElo "2305"]

1.e4 c5 2.Nf3 e6 3.d4 cxd4 4.Nxd4 Nc6 5.Nc3 Qc7 6.Be3 a6 7.Qd2 Nf6 8.O-O-O Nxd4
9.Qxd4 d6 10.f3 b5 11.g4 Bb7 12.Kb1 Rc8 13.g5 Nd7 14.a3 Ne5 15.Be2 Nc4 16.Bxc4 Qxc4
17.h4 Qxd4 18.Bxd4 h6 19.Be3 hxg5 20.hxg5 Rxh1 21.Rxh1 Be7 22.Rh8+ Kd7 23.Rh7 Rg8
24.Ne2 f6 25.g6 d5 26.Ng3 dxe4 27.fxe4 Bc6 28.Bd4  1/2-1/2

[Event "17th Senior WCh"]
[Site "Gmunden AUT"]
[Date "2007.09.21"]
[Round "5"]
[White "Jansa,Vl"]
[Black "Lein,A"]
[Result "1-0"]
[WhiteElo "2494"]
[BlackElo "2323"]

1.e4 c5 2.Nf3 e6 3.Nc3 Nc6 4.d4 cxd4 5.Nxd4 Qc7 6.g3 a6 7.Bg2 Nf6 8.O-O Nxd4
9.Qxd4 Bc5 10.Bf4 d6 11.Qd3 h6 12.Na4 e5 13.Bd2 Be6 14.Nxc5 Qxc5 15.Rfd1 Rd8
16.b3 O-O 17.c4 b6 18.h3 Rfe8 19.Rac1 Bc8 20.Be3 Qc7 21.Kh2 Bb7 22.Rc2 Bc6
23.f3 Qb7 24.Rcd2 Re7 25.Qc3 Ne8 26.Bf2 Rb8 27.Rd3 Rc8 28.h4 Rb8 29.Bh3 Ra8
30.Qd2 Rb8 31.h5 Bd7 32.Bxd7 Rxd7 33.g4 f6 34.Rd5 Rc7 35.a4 Qc6 36.Be3 Kh7
37.Qf2 Re7 38.Qe2 Re6 39.Qa2 a5 40.Qc2 Kg8 41.Qf2 Re7 42.R1d3 Reb7 43.Bc1 Rd7
44.Ba3 Rbd8 45.Qd2 Kf7 46.c5 bxc5 47.Bxc5 Rc7 48.Be3 Rb8 49.Rxa5 Qc2 50.Qxc2 Rxc2+
51.Kg3 Rb2 52.Rb5 Rxb5 53.axb5 Ra2 54.b6 Ra5 55.Rd5 Ra8 56.Rb5 Rb8 57.b7  1-0

[Event "17th ch-EU U18 Boys"]
[Site "Sibenik CRO"]
[Date "2007.09.21"]
[Round "8"]
[White "Thomassen,J"]
[Black "Matsenko,S"]
[Result "1-0"]
[WhiteElo "2075"]
[BlackElo "2406"]

1.e4 c5 2.Nf3 Nc6 3.d4 cxd4 4.Nxd4 e6 5.Nc3 a6 6.Be2 Qc7 7.Be3 Nf6 8.a3 Be7
9.f4 d6 10.g4 Nd7 11.g5 b5 12.Nxc6 Qxc6 13.Qd4 O-O 14.O-O-O Bb7 15.h4 Rfc8
16.h5 Bf8 17.g6 Nc5 18.gxf7+ Kxf7 19.h6 Rc7 20.Rdg1 Kg8 21.Rxg7+ Bxg7 22.Rg1 e5
23.fxe5 Ne6 24.Qd5 dxe5 25.Qxe5 Kh8 26.hxg7+ Nxg7 27.Bd4 Rg8 28.Qh5 Rf8 29.Rh1 h6
30.Qg5 Kh7 31.Bd3 Qg6 32.Qe5 Qf7 33.Be3 Rc6 34.Qg5 Kg8 35.Rxh6 Rxh6 36.Qxh6 Qe6
37.Qg5 Qf6 38.Qg1 Re8 39.Bd4 Qh6+ 40.Kb1 Re6 41.Nd5 Kh8 42.Qg3 Qh1+ 43.Ka2 Bxd5+
44.c4 Re7 45.exd5 Qh5 46.Bg6 Qe2 47.Qh4+  1-0

[Event "17th ch-EU U18 Boys"]
[Site "Sibenik CRO"]
[Date "2007.09.21"]
[Round "8"]
[White "Beck,F"]
[Black "Jafarli,A"]
[Result "1/2-1/2"]
[WhiteElo "2292"]
[BlackElo "2174"]

1.e4 c5 2.Nf3 Nc6 3.d4 cxd4 4.Nxd4 e6 5.Nc3 a6 6.g3 Qc7 7.Bg2 Nf6 8.Nb3 Be7
9.O-O O-O 10.g4 d5 11.exd5 Nxd5 12.Nxd5 exd5 13.h3 Be6 14.c3 Rad8 15.Be3 f5
16.f4 fxg4 17.hxg4 Bd6 18.f5 Bf7 19.Bg5 Rd7 20.Kh1 Be7 21.Bf4 Bd6 22.Qf3 Ne5
23.Qg3 Nc4 24.Rab1 Re8 25.g5 Ne3 26.g6 hxg6 27.fxg6 Nxf1 28.Rxf1 Bxf4 29.Rxf4 Bxg6
30.Qxg6 Re1+ 31.Rf1 Qe5 32.Rxe1 Qxe1+ 33.Kh2 Qh4+ 34.Kg1 Qe1+ 35.Kh2 Qh4+
36.Bh3 Rf7 37.Nd4 Qf2+ 38.Qg2 Qf4+ 39.Qg3 Qd2+ 40.Bg2 Qh6+ 41.Qh3 Qf4+ 42.Qg3  1/2-1/2

[Event "17th ch-EU U18 Boys"]
[Site "Sibenik CRO"]
[Date "2007.09.21"]
[Round "8"]
[White "Muheim,L"]
[Black "Katov,L"]
[Result "0-1"]
[WhiteElo "2210"]
[BlackElo "2277"]

1.e4 c5 2.Nf3 e6 3.d4 cxd4 4.Nxd4 Nc6 5.Nc3 Qc7 6.Be2 a6 7.O-O Nf6 8.Be3 Bb4
9.Na4 O-O 10.c4 Bd6 11.Nxc6 bxc6 12.Qd3 Bxh2+ 13.Kh1 Bf4 14.Bc5 d6 15.Bb6 Qe7
16.g3 Bh6 17.Rad1 e5 18.Kg2 Be6 19.b3 Ne8 20.Qc3 f5 21.c5 d5 22.Qxe5 fxe4
23.Bg4 Rf6 24.f4 exf3+ 25.Rxf3 Bxg4 26.Qxe7 Bxf3+ 27.Kh2 Bxd1 28.Bd8 Bg4
29.Nb6 Bg5 30.Qxe8+ Rf8 31.Qe5 Raxd8 32.Qxg5 Rf2+ 33.Kg1 Rdf8 34.Qe3 Re2
35.Qd3 Re1+  0-1

[Event "17th ch-EU U16 Boys"]
[Site "Sibenik CRO"]
[Date "2007.09.21"]
[Round "8"]
[White "Lavrik,D"]
[Black "Rasulov,V"]
[Result "1/2-1/2"]
[WhiteElo "2371"]
[BlackElo "2297"]

1.e4 c5 2.Nf3 e6 3.d4 cxd4 4.Nxd4 Nc6 5.Nc3 a6 6.Be2 Qc7 7.O-O b5 8.Nxc6 dxc6
9.Be3 Bb7 10.f4 Nf6 11.e5 Rd8 12.Qe1 Nd7 13.Ne4 c5 14.Bf3 Bd5 15.Qg3 g6 16.Rad1 Bxe4
17.Bxe4 c4 18.h4 Bc5 19.Bxc5 Nxc5 20.Rxd8+ Qxd8 21.Bc6+ Kf8 22.Qe3 Qb6 23.Bf3 Na4
24.Qxb6 Nxb6 25.Rd1 Ke7 26.Rd6 Rb8 27.Kf2 a5 28.Ke3 b4 29.b3 a4 30.Kd4 cxb3
31.cxb3 axb3 32.axb3 Nd7 33.Bc6 Nf6 34.Kc5 Nh5 35.Rd7+ Kf8 36.Rd4 Ke7 37.Bf3 Ng3
38.Rxb4 Rc8+ 39.Bc6 Nf5 40.Rb7+ Kf8 41.Rd7 g5 42.Rd2 Nxh4 43.b4 Ng6 44.b5 gxf4
45.b6 Nxe5 46.b7 Rb8 47.Rd4 Ke7 48.Kb6 Nxc6 49.Kxc6 e5 50.Rd1 Ke6 51.Kc7 Re8
52.b8=Q Rxb8 53.Kxb8 e4 54.Kc7 Ke5 55.Kc6 f3 56.gxf3 exf3 57.Rh1 Ke4 58.Rh4+ Ke3
59.Rxh7 f5 60.Kd5 f2 61.Rh1 f4 62.Ke5  1/2-1/2

[Event "17th ch-EU U18 Boys"]
[Site "Sibenik CRO"]
[Date "2007.09.21"]
[Round "8"]
[White "Vila Gazquez,X"]
[Black "Krstic,P"]
[Result "1-0"]
[WhiteElo "2429"]
[BlackElo "2327"]

1.e4 c5 2.Nf3 e6 3.d4 cxd4 4.Nxd4 Nc6 5.Nc3 Qc7 6.Be2 a6 7.O-O Nf6 8.Be3 Bb4
9.Na4 Be7 10.Nxc6 bxc6 11.Nb6 Rb8 12.Nxc8 Qxc8 13.Bd4 c5 14.Be5 Rb6 15.Qd3 d6
16.Bc3 O-O 17.b3 d5 18.exd5 exd5 19.Bf3 d4 20.Bd2 Re6 21.Rfe1 Rd8 22.Rxe6 fxe6
23.Re1 Bf8 24.Be2 Rd6 25.Qh3 Qd7 26.Bd3 g6 27.Bc4 Nd5 28.Qd3 Qc8 29.h4 Bg7
30.Qg3 Rc6 31.Qg4 Kh8 32.h5 Nf6 33.Qh3 Nxh5 34.Bxe6 Qc7 35.Bd5 Rf6 36.Re8+ Rf8
37.Qe6  1-0

[Event "Vados IM"]
[Site "Arad ROM"]
[Date "2007.09.22"]
[Round "3"]
[White "Paschall,W"]
[Black "Filip,L"]
[Result "1/2-1/2"]
[WhiteElo "2353"]
[BlackElo "2400"]

1.e4 c5 2.Nc3 e6 3.Nf3 Nc6 4.d4 cxd4 5.Nxd4 Qc7 6.g3 a6 7.Bg2 Nf6 8.O-O Nxd4
9.Qxd4 Bc5 10.Qd3 Ng4 11.Bf4 Ne5 12.Qe2 d6 13.Rfc1 b5 14.Nd1 Bd7 15.c3 O-O
16.Be3 Nc4 17.Bd4 e5 18.Bxc5 Qxc5 19.b3 Nb6 20.Ne3 Rac8 21.Rc2 Be6 22.Rd1 Rfd8
23.Rcd2 Rd7 24.h4 Rcd8  1/2-1/2

[Event "George Trundle NZ IM"]
[Site "Auckland NZL"]
[Date "2007.09.22"]
[Round "1"]
[White "Steadman,M"]
[Black "Watson,B"]
[Result "0-1"]
[WhiteElo "2250"]
[BlackElo "2221"]

1.e4 c5 2.Nf3 e6 3.d4 cxd4 4.Nxd4 Nc6 5.Nc3 Qc7 6.Be2 a6 7.O-O Nf6 8.Kh1 Bb4
9.Qd3 O-O 10.Bg5 Ne8 11.f4 Nxd4 12.Qxd4 Bxc3 13.bxc3 f6 14.Bh4 b5 15.Rad1 Bb7
16.c4 bxc4 17.Bxc4 Nd6 18.Bb3 Nxe4 19.Qxd7 Qxd7 20.Rxd7 Nc5 21.Rc7 Nxb3 22.Rxb7 Nc5
23.Rb6 Rab8 24.Rxb8 Rxb8 25.Bf2 Ne4 26.Bd4 Rb4 27.c3 Rc4 28.Rc1 Nd6 29.Be3 Ne4
30.Bd4 e5 31.fxe5 fxe5 32.Re1 exd4 33.Rxe4 Rxc3 34.h3 d3 35.Rd4 Ra3 36.Kg1 Kf7
37.Kf1 a5 38.h4 h5 39.g3 Ke6 40.Ke1 Ke5 41.Rd8 Ke4 42.Rd7 Rxa2 43.Rxg7 Ke3
44.Re7+ Kf3 45.Re5 Re2+  0-1

[Event "6th ch-Asia"]
[Site "Cebu City PHI"]
[Date "2007.09.23"]
[Round "5"]
[White "Ni Hua"]
[Black "Zhou Weiqi"]
[Result "1-0"]
[WhiteElo "2681"]
[BlackElo "2469"]

1.e4 c5 2.Nf3 e6 3.d4 cxd4 4.Nxd4 Nc6 5.Nc3 d6 6.Be3 Nf6 7.Be2 Be7 8.Qd2 O-O
9.O-O-O Nxd4 10.Qxd4 Bd7 11.Kb1 Bc6 12.f4 Qc7 13.g4 d5 14.e5 Nd7 15.Rhe1 a5
16.Qd2 a4 17.a3 b5 18.Na2 Nc5 19.Bxc5 Bxc5 20.Bd3 f6 21.Nb4 Bd7 22.exf6 Rxf6
23.f5 Bxb4 24.Qxb4 exf5 25.Bxb5 Be6 26.g5 Rg6 27.Bxa4 h6 28.h4 Bf7 29.Bb3 Rb8
30.Qd2 hxg5 31.hxg5 d4 32.Bxf7+ Qxf7 33.Qxd4 f4 34.Rh1 Rf8 35.Rh5 Rd6 36.Qxd6 Qxh5
37.Qd5+ Rf7 38.Re1  1-0

[Event "17th ch-EU U18 Boys"]
[Site "Sibenik CRO"]
[Date "2007.09.23"]
[Round "9"]
[White "Bindrich,F"]
[Black "Thomassen,J"]
[Result "1/2-1/2"]
[WhiteElo "2504"]
[BlackElo "2075"]

1.e4 c5 2.Nf3 e6 3.Nc3 Nc6 4.d4 cxd4 5.Nxd4 Nf6 6.Ndb5 d6 7.Bf4 e5 8.Bg5 a6
9.Na3 b5 10.Nd5 Be7 11.Bxf6 Bxf6 12.c3 Bg5 13.Nc2 Ne7 14.Ncb4 O-O 15.Be2 Be6
16.O-O a5 17.Nxe7+ Qxe7 18.Nd5 Qb7 19.Qd3 Bxd5 20.exd5 b4 21.Qb5 Qxb5 22.Bxb5 bxc3
23.bxc3 Bd2 24.c4 Bb4 25.g3 Ra7 26.Kg2  1/2-1/2

[Event "17th ch-EU U18 Boys"]
[Site "Sibenik CRO"]
[Date "2007.09.23"]
[Round "9"]
[White "Saric,Iv"]
[Black "Mozharov,M"]
[Result "1/2-1/2"]
[WhiteElo "2442"]
[BlackElo "2424"]

1.e4 c5 2.Nf3 e6 3.d4 cxd4 4.Nxd4 Nc6 5.Nc3 Qc7 6.Be2 a6 7.O-O Nf6 8.Kh1 Be7
9.f4 d6 10.Be3 O-O 11.a4 Re8 12.Bf3 Bf8 13.Qd2 Na5 14.b3 Nc6 15.Rad1 Bd7
16.Nde2 Rad8 17.g4 d5 18.e5 Ne4 19.Nxe4 dxe4 20.Bg2 Nb4 21.Nd4 Nd5 22.c4 Nxe3
23.Qxe3 Bc5 24.Qxe4 Bxd4 25.Rxd4 Bc6 26.Rxd8 Rxd8 27.Qe3 Bxg2+ 28.Kxg2 Qc6+
29.Kg3 b6 30.f5 exf5 31.gxf5 a5 32.Rf2 h6 33.Rd2 Rxd2 34.Qxd2 Qe4 35.Qf4 Qe1+
36.Kh3 Kh7 37.Kg4 Qe2+ 38.Kg3 Qe1+ 39.Kg4 Qe2+ 40.Kg3 Qe1+ 41.Kf3 Kg8 42.Qe3 Qf1+
43.Ke4 Qh1+ 44.Kd4 Qd1+ 45.Qd3 Qh1 46.h3 Kf8 47.Qe3 Qd1+ 48.Ke4 Qh1+ 49.Qf3 Qg1
50.f6 gxf6 51.Qxf6 Qg2+ 52.Qf3 Qg1 53.Qe3 Qg2+ 54.Kd3 Qf1+ 55.Kc2 Qg2+ 56.Kc3 Qc6
57.e6 Ke7 58.Qxh6 Qf3+ 59.Kd4 Qxb3 60.exf7 Qd1+ 61.Ke4 Qc2+ 62.Kf3 Qd1+ 63.Kf2 Qc2+
64.Kg3 Qd3+ 65.Kg4 Qxc4+ 66.Qf4 Qe2+ 67.Kg5 Kf8 68.h4 b5 69.Qd6+ Kxf7 70.Qd5+ Qe6
71.Qxb5 Qf6+ 72.Kg4 Qd4+ 73.Kh5 Qh8+ 74.Kg4 Qd4+  1/2-1/2

[Event "17th ch-EU U16 Boys"]
[Site "Sibenik CRO"]
[Date "2007.09.23"]
[Round "9"]
[White "Weber,C"]
[Black "Balazs,G2"]
[Result "1/2-1/2"]
[WhiteElo "2131"]
[BlackElo "2305"]

1.e4 c5 2.Nf3 e6 3.d4 cxd4 4.Nxd4 Nc6 5.Nc3 Qc7 6.Ndb5 Qb8 7.Be3 a6 8.Bb6 axb5
9.Nxb5 Bb4+ 10.c3 Ba5 11.Nc7+ Qxc7 12.Bxc7 Bxc7 13.Qg4 g6 14.Bc4 Nge7 15.Qe2 f5
16.exf5 Nxf5 17.h4 b6 18.h5 Ne5 19.hxg6 Nxg6 20.O-O-O Nf4 21.Qg4 Ng6 22.Rh5 Bb7
23.Rxf5 exf5 24.Bf7+ Kd8 25.Qxf5 Kc8 26.Rxd7 Kb8 27.Bxg6 hxg6 28.Qf7 Rc8
29.Qxg6 Rxa2 30.Kc2 Ra1 31.f4 Rf1 32.g3 Rf2+ 33.Kb3 Rf3 34.Rd3 Rxd3 35.Qxd3 Rg8
36.c4 Bc6 37.Kc3 Bb7 38.b4 Bc6 39.Kb3 Bb7 40.Kc3 Bc6 41.Kb2 Rg4 42.c5 b5
43.Kc1 Kb7 44.Kd2 Rg8 45.Ke2 Rh8 46.Kf2 Rh2+ 47.Kf1 Rh1+ 48.Kf2 Rh2+  1/2-1/2

[Event "6th ch-Asia"]
[Site "Cebu City PHI"]
[Date "2007.09.24"]
[Round "6"]
[White "Goh Weiming"]
[Black "Zhou Weiqi"]
[Result "0-1"]
[WhiteElo "2388"]
[BlackElo "2469"]

1.e4 c5 2.Nf3 e6 3.d4 cxd4 4.Nxd4 Nc6 5.Nc3 d6 6.g4 a6 7.Be3 Nge7 8.Nde2 b5
9.f4 Bb7 10.Qd2 Na5 11.Ng3 Rc8 12.b3 Ng6 13.O-O-O d5 14.Nce2 Ba3+ 15.Kb1 O-O
16.h4 dxe4 17.Qxd8 Rfxd8 18.Rxd8+ Rxd8 19.Bg2 Rd7 20.h5 Ne7 21.h6 g6 22.Bb6 e3
23.Ne4 Bxe4 24.Bxe4 f5 25.Bxa5 fxe4 26.Bc3 b4 27.Bd4 Nd5 28.Bb2 Bxb2 29.Kxb2 Nf6
30.g5 Rd2 31.Ng3 Nd5 32.Nxe4 Rd4 33.Nc5 Nxf4 34.Re1 e2 35.Kc1 a5 36.a3 bxa3  0-1

[Event "17th Senior WCh"]
[Site "Gmunden AUT"]
[Date "2007.09.24"]
[Round "7"]
[White "Karasev,Vl"]
[Black "Akopian,G"]
[Result "1-0"]
[WhiteElo "2388"]
[BlackElo "2240"]

1.e4 c5 2.Nc3 e6 3.Nf3 Nc6 4.d4 cxd4 5.Nxd4 a6 6.Nxc6 bxc6 7.Bd3 d5 8.O-O Nf6
9.Qe2 Be7 10.b3 Nd7 11.Bb2 Nc5 12.Rad1 Nxd3 13.Rxd3 a5 14.exd5 cxd5 15.Nb5 Ba6
16.Bxg7 Rg8 17.Rg3 Qd7 18.a4 Bxb5 19.axb5 a4 20.bxa4 Rxa4 21.b6 Bh4 22.Rb3 Ke7
23.b7 Rb8 24.g3 Bf6 25.Bxf6+ Kxf6 26.Rfb1 Ra7 27.c4 dxc4 28.Rb5 Ke7 29.Qxc4 Ke8
30.Rg5 Qd6 31.Rg8+ Ke7 32.Rxb8  1-0

[Event "Vados IM"]
[Site "Arad ROM"]
[Date "2007.09.25"]
[Round "6"]
[White "Manea,Al"]
[Black "Bogdan,D"]
[Result "1-0"]
[WhiteElo "2398"]
[BlackElo "2416"]

1.e4 c5 2.Nf3 e6 3.d4 cxd4 4.Nxd4 Nc6 5.Nc3 Qc7 6.Be3 Nf6 7.Qd2 Be7 8.O-O-O a6
9.f3 O-O 10.g4 d6 11.g5 Nd7 12.g6 hxg6 13.h4 Nxd4 14.Bxd4 Ne5 15.Qg2 Nc6
16.Be3 Bf6 17.Bd2 d5 18.exd5 Nb4 19.Kb1 Bxc3 20.Bxc3 Nxd5 21.Bd2 Nf4 22.Qg5 e5
23.Bxf4 Bf5 24.Bd3 Bxd3 25.Rxd3 exf4 26.h5 gxh5 27.Qxh5 f6 28.Qd5+ Rf7 29.Rd2 Qc6
30.Rh8+  1-0

[Event "Vados IM"]
[Site "Arad ROM"]
[Date "2007.09.25"]
[Round "6"]
[White "Panush,V"]
[Black "Filip,L"]
[Result "0-1"]
[WhiteElo "2257"]
[BlackElo "2400"]

1.e4 c5 2.Nf3 e6 3.d4 cxd4 4.Nxd4 Nc6 5.Nc3 Qc7 6.Be2 a6 7.Be3 Nf6 8.O-O Bb4
9.Nxc6 bxc6 10.Bd3 Rb8 11.f4 d5 12.e5 Nd7 13.Qg4 g6 14.Kh1 Be7 15.Nd1 Nc5
16.Be2 Ne4 17.Bd3 Nc5 18.Be2 a5 19.b3 Ne4 20.Bd3 Nc5 21.Be2 Ne4 22.Bd3 f5
23.exf6 Nxf6 24.Qg3 Bd6 25.Bd4 O-O 26.Qh4 Nh5 27.Ne3 Nxf4 28.Ng4 e5 29.Nh6+ Kg7
30.Rxf4 Rxf4 31.Qxf4 exd4 32.Qh4 Be7  0-1

[Event "George Trundle NZ IM"]
[Site "Auckland NZL"]
[Date "2007.09.25"]
[Round "4"]
[White "Smith,Ro"]
[Black "Watson,B"]
[Result "0-1"]
[WhiteElo "2318"]
[BlackElo "2221"]

1.e4 c5 2.Nf3 e6 3.d4 cxd4 4.Nxd4 Nc6 5.Nc3 Qc7 6.Be3 a6 7.Qd2 Nf6 8.O-O-O Bb4
9.f3 Nxd4 10.Bxd4 e5 11.Be3 d6 12.a3 Bxc3 13.Qxc3 Qxc3 14.bxc3 Ke7 15.Bb6 Be6
16.Bc7 Ne8 17.Bb6 Rc8 18.Kb2 Rc6 19.Be3 Nf6 20.Bd3 Rhc8 21.Bd2 Nd7 22.a4 Nb6
23.Ra1 Nc4+ 24.Bxc4 Rxc4 25.Rhb1 d5 26.exd5 Bxd5 27.Kc1 e4 28.fxe4 Rxe4 29.Kb2 Kf8
30.Rd1 Re2 31.g4 Bf3 32.h3 Rh2 33.Bf4 Rxh3 34.Rd4 Rh1 35.Ra3 h6 36.c4 Bc6
37.a5 Re1 38.Rad3 Rce8 39.Kc3 R1e4 40.Kb4 Rxd4 41.Rxd4 g5 42.Bd6+ Kg7 43.Kc5 Kg6
44.Bc7 Re6 45.Rd8 Bf3 46.Bd6 Bxg4 47.Kb6 Bf3 48.c5 f5 49.Rg8+ Kh7 50.Rb8 f4
51.Rxb7+ Bxb7 52.Kxb7 f3 53.Bg3 h5 54.c6 Rxc6 55.Kxc6 h4 56.Bf2 h3 57.Kb7 h2
58.Kxa6 h1=Q  0-1

[Event "6th ch-Asia"]
[Site "Cebu City PHI"]
[Date "2007.09.25"]
[Round "7"]
[White "Yu Shaoteng"]
[Black "Wen Yang"]
[Result "0-1"]
[WhiteElo "2524"]
[BlackElo "2475"]

1.e4 c5 2.Nf3 Nc6 3.Nc3 e6 4.d4 cxd4 5.Nxd4 Qc7 6.Be2 a6 7.O-O Nf6 8.Kh1 Bb4
9.Nxc6 bxc6 10.f4 d5 11.e5 Nd7 12.Na4 Nb6 13.c4 Nxc4 14.Bxc4 dxc4 15.Be3 O-O
16.Qc2 a5 17.Nb6 Rb8 18.Nxc8 Rfxc8 19.Qxc4 a4 20.a3 Bf8 21.Bd4 c5 22.Bc3 Qc6
23.f5 Ra8 24.Rf4 Qd5 25.Raf1 Rd8 26.Qe2 g6 27.fxg6 fxg6 28.Rf7 Bh6 29.Qf2 Rf8
30.Qf6 Qc4 31.Rf3 Rae8 32.h3 Qe4 33.Ba5 Qxf3 34.Qxf3 Rxf7 35.Qc6 Ref8 36.Qxe6 Kh8
37.Kh2 Rf1 38.Kg3 Bf4+ 39.Kh4 Be3 40.Qd5 Bf2+ 41.Kg4 h5+ 42.Kg5 Kg7 43.g4 Be3+  0-1

[Event "6th ch-Asia"]
[Site "Cebu City PHI"]
[Date "2007.09.26"]
[Round "8"]
[White "Goh Weiming"]
[Black "Kim,Alex"]
[Result "0-1"]
[WhiteElo "2388"]
[BlackElo "2445"]

1.e4 c5 2.Nf3 e6 3.d4 cxd4 4.Nxd4 Nc6 5.Nc3 Qc7 6.Be3 Nf6 7.Bd3 a6 8.O-O b5
9.Nxc6 dxc6 10.f4 e5 11.f5 Bb7 12.a4 Rd8 13.Qf3 h5 14.h3 Bd6 15.Rfd1 Qe7
16.Bg5 Bc5+ 17.Kh1 Bd4 18.Rab1 Bb6 19.b4 Rd6 20.axb5 axb5 21.Ne2 Qc7 22.Ng3 Ng4
23.Rf1 f6 24.Bh4 Ne3 25.Rfe1 Nc4 26.Qe2 Qf7 27.Nf1 Bd4 28.Bf2 Bxf2 29.Qxf2 Rd4
30.Qe2 Qd7 31.Red1 Nb6 32.c3 Rd6 33.Bc2 Na4 34.Bxa4 bxa4 35.Ne3 O-O 36.Qa2+ Kh7
37.Qxa4 Rd3 38.Qa2 c5 39.Qc4 Rxd1+ 40.Rxd1 Qc6 41.Nd5 Ba6 42.Qa2 cxb4 43.Nxb4 Bc4
44.Nxc6 Bxa2 45.Nd8 Re8 46.Kg1 Re7 47.Ne6 Bxe6 48.fxe6 Rxe6 49.Kf2 Rc6 50.Rc1 Rc4
51.Ke3 h4 52.Kd3 Rc5 53.c4 Kh6 54.Kc3 Kg5 55.Kb4 Rc8 56.c5 Kf4 57.c6 Kxe4
58.Kc5 Ke3 59.Kd5 e4 60.Rc4 Rd8+ 61.Ke6 Kd3 62.c7 Rc8 63.Kd7 Rxc7+ 64.Rxc7 e3
65.Ke8 e2 66.Re7 Kd2 67.Kf7  0-1

[Event "6th ch-Asia"]
[Site "Cebu City PHI"]
[Date "2007.09.27"]
[Round "9"]
[White "Nguyen Anh Dung"]
[Black "Zhou Weiqi"]
[Result "1/2-1/2"]
[WhiteElo "2537"]
[BlackElo "2469"]

1.e4 c5 2.Nf3 e6 3.d4 cxd4 4.Nxd4 Nc6 5.Nc3 d6 6.Bc4 Nf6 7.Be3 a6 8.Qe2 Qc7
9.O-O-O Na5 10.Bb3 b5 11.f3 Nxb3+ 12.axb3 Be7 13.g4 b4 14.Na4 Nd7 15.Kb1 O-O
16.h4 Nc5 17.Bg5 f6 18.Be3 Nxa4 19.bxa4 Bd7 20.b3 Rac8 21.Bc1 Qc5 22.Bb2 Rc7
23.Rd2 Bc8 24.Rhd1 Re8 25.f4 Bf8 26.Nf3 Bb7 27.h5 Qc6 28.Rd4 e5 29.Rc4 Qb6
30.g5 fxg5 31.fxe5 g4 32.Nh4 dxe5 33.Rxc7 Qxc7 34.Qxg4 Qc6 35.Rf1 Qxe4 36.Qd7 Re7
37.Qd8 Rf7 38.Rxf7 Kxf7 39.Qd7+ Kf6 40.h6 gxh6 41.Nf5 Qxf5 42.Qxb7 Qf1+ 43.Ka2 Qe2
44.Qc6+ Kf7 45.Qd5+ Kf6 46.Qc6+ Kf7 47.Qd5+ Kf6  1/2-1/2

[Event "6th ch-Asia"]
[Site "Cebu City PHI"]
[Date "2007.09.28"]
[Round "10"]
[White "Negi,P"]
[Black "Kim,Alex"]
[Result "1/2-1/2"]
[WhiteElo "2529"]
[BlackElo "2445"]

1.e4 c5 2.Nf3 e6 3.d4 cxd4 4.Nxd4 Nc6 5.Nc3 Qc7 6.Be3 Nf6 7.Bd3 a6 8.O-O Nxd4
9.Bxd4 Bc5 10.Bxf6 gxf6 11.Qg4 Bf8 12.Rae1 b5 13.Qf3 Qe5 14.Nd5 Be7 15.Nxe7 Kxe7
16.c3 Bb7 17.Qe3  1/2-1/2

[Event "Open"]
[Site "Miami USA"]
[Date "2007.09.28"]
[Round "5"]
[White "Friedel,J"]
[Black "Moreno,Ale1"]
[Result "1-0"]
[WhiteElo "2472"]
[BlackElo "2390"]

1.e4 c5 2.Nf3 e6 3.d4 cxd4 4.Nxd4 Nc6 5.Nc3 Qc7 6.Be3 a6 7.Bd3 Nf6 8.O-O Nxd4
9.Bxd4 Bc5 10.Be2 e5 11.Bxc5 Qxc5 12.Qd3 d6 13.Rad1 Ke7 14.Nd5+ Nxd5 15.exd5 Bd7
16.Kh1 g5 17.Qd2 Rag8 18.b4 Qb6 19.c4 f5 20.Rc1 Qd4 21.Qxd4 exd4 22.c5 Kf6
23.c6 Bc8 24.f4 g4 25.Rfe1 Re8 26.Bd3 h5 27.Kg1 g3 28.hxg3 Re3 29.Rxe3 dxe3
30.Re1 Re8 31.a4  1-0

[Event "27th Open"]
[Site "Munich GER"]
[Date "2007.09.29"]
[Round "1"]
[White "Lammers,M"]
[Black "Cabrera,E"]
[Result "1-0"]
[WhiteElo "2335"]
[BlackElo "2094"]

1.e4 e6 2.d4 c5 3.Nf3 cxd4 4.Nxd4 Nc6 5.Nc3 a6 6.Be3 Qc7 7.Bd3 Nf6 8.O-O b5
9.Nxc6 dxc6 10.f4 Bb7 11.e5 Nd5 12.Nxd5 exd5 13.Qg4 h5 14.Qh3 Bc8 15.f5 c5
16.c4 bxc4 17.Bc2 d4 18.Bf4 Ra7 19.Rae1 Qa5 20.e6 d3 21.Bd1 h4 22.exf7+ Kxf7
23.Bf3 Qd8 24.Qg4 Qd4+ 25.Kh1 Re7 26.Qg6+ Kg8 27.f6 Rf7 28.Be5 Qd7 29.fxg7 Bxg7
30.Bxg7  1-0

[Event "27th Open"]
[Site "Munich GER"]
[Date "2007.09.30"]
[Round "2"]
[White "Skinke,K"]
[Black "Lammers,M"]
[Result "1/2-1/2"]
[WhiteElo "2170"]
[BlackElo "2335"]

1.e4 c5 2.Nf3 e6 3.d4 cxd4 4.Nxd4 Nc6 5.Nc3 Qc7 6.Be3 a6 7.Qd2 Nf6 8.f3 Bb4
9.a3 Be7 10.g4 d6 11.h4 Nd7 12.f4 Na5 13.Qf2 Nc4 14.Bxc4 Qxc4 15.g5 b5 16.Nb3 O-O
17.Qe2 Qc7 18.g6 fxg6 19.h5 g5 20.Nd4 Nb6 21.fxg5 Nc4 22.Nd1 Nxb2 23.Nxb2 Qc3+
24.Qd2 Qxb2 25.Rd1 Qxa3 26.c3 Bd7 27.g6 Rac8 28.h6 hxg6 29.hxg7 Rf7 30.Nxb5 axb5
31.Rh8+ Kxg7 32.Bd4+ e5 33.Qh6+ Kf6 34.Qf4+ Kg7 35.Qh6+ Kf6 36.Qf4+ Kg7  1/2-1/2